000 00376nam a2200145 i 4500
001 bg
100 1 _aDYMUS, Stanisław
245 0 _aTermodynamika :
_bzajęcia fakultatywne w grupie matematyczno-fizycznej /
_cS. Dymus.
260 _aWarszawa,
_c1979.
040 _cBPK
041 _apol
080 _a536.7(075.8)
942 _cKS
008 s pl f |000 0 pol
999 _c2248
_d2248
856 _uhttp://koha.tu.koszalin.pl/cgi-bin/koha/opac-detail.pl?biblionumber=2248
_yKatalog online BPK